Statistiques concernant Les 50 plus grandes communes du Maine et Loire, par habitants

Cliquez ici pour prendre le quiz!

Statistiques générales

  • Ce quiz a été pris 192 fois
  • Le résultat moyen est 18 sur 50

Statistiques - réponses

PlaceCommuneNombre d'habitants (en 2015)% Correct
1Angers151 520
99%
2Cholet53 800
96%
3Saumur27 486
90%
8Segré-en-Anjou Bleu17 603
80%
12Trélazé14 145
75%
13Avrillé13 518
68%
14Les Ponts-de-Cé12 488
62%
16Doué-en-Anjou10 986
61%
35Beaucouzé5 042 
60%
6Chemillé-en-Anjou21 492
60%
5Beaupréau-en-Mauges22 965
54%
26Bouchemaine6 644 
53%
27Chalonnes-sur-Loire6 513 
53%
18Saint-Barthélemy-d'Anjou9 303
53%
15Baugé-en-Anjou11 862
52%
17Brissac Loire Aubance10 778
46%
37Le Lion-d'Angers4 714 
46%
34Mûrs-Erigné5 383 
40%
23Beaufort-en-Anjou7 104 
39%
25Longué-Jumelles6 825 
35%
22Montreuil-Juigné7 497 
35%
39Tiercé4 323 
35%
41Montreuil-Bellay3 999 
34%
4Sèvremoine25 572
33%
48Durtal3 371 
31%
42Écouflant3 983 
30%
20Gennes-Val-de-Loire8 615
30%
46Saint-Georges-sur-Loire3 531 
30%
7Mauges-sur-Loire18 356
24%
11Loire-Authion15 697
23%
10Montrevault-sur-Èvre16 001
22%
24Verrières-en-Anjou6 967 
20%
40La Séguinière4 041 
16%
50Châteauneuf-sur-Sarthe3 188 
15%
9Orée d'Anjou16 244
15%
47Sainte-Gemmes-sur-Loire3 465 
14%
28Longuenée-en-Anjou6 378 
13%
21Lys-Haut-Layon7 858 
13%
43Terranjou3 910 
13%
44Le May-sur-Èvre3 845 
11%
19Ombrée d'Anjou8 988
11%
29Bellevigne-en-Layon5 783 
10%
32Erdre-en-Anjou5 715 
10%
33Les Hauts d'Anjou5 515 
10%
30Noyant-Villages5 760 
10%
45Morannes sur Sarthe-Daumeray3 634 
8%
38Les Garennes sur Loire4 470 
6%
31Mazé-Milon5 733 
6%
36Val d'Erdre-Auxence4 818 
6%
49Val-du-Layon3 352 
3%

Distribution des résultats

Percentile par nombre de réponses

% des personnes avec chaque résultat

Votre développement - résultats

Vous n’avez pas pris ce quiz